Antología básica contemporánea de la poesía latinoamericana /

Guardado en:
Autor Principal: Barros, Daniel
Formato: Libro
Publicado: Buenos Aires : De la Flor, 1979
Edición:2a. ed.
Materias:
Etiquetas: Agregar Etiqueta
Sin Etiquetas, Sea el primero en etiquetar este registro!
LEADER 00624nam a22002055a 4500
001 CEM.cems000864
005 20060210000000.0
008 130507s1979##################000#0#####d
003 CEMS
082 0 4 |a H861.4 
100 1 |a Barros, Daniel 
245 1 0 |a Antología básica contemporánea de la poesía latinoamericana / 
250 |a 2a. ed. 
260 |a Buenos Aires :  |b De la Flor,  |c 1979 
300 |a 263 p. 
653 |a Literatura 
653 |a Literatura hispanoamericana 
653 |a Poesia argentina-antologia 
653 |a Poesia hispanoamericana-antolo 
859 |a CEMS  |b BIB. CEMS - 11 de abril  |h H861.4  |i B278a2  |p 14119.86  |t Ej.1